[Event "Storsjodraget 2018"]
[Site "?"]
[Date "2018.06.19"]
[Round "6.1"]
[White "Hjorth, Gunnar"]
[Black "Marder, Simon"]
[Result "1-0"]
[BlackElo "2010"]
[WhiteElo "2203"]
[LiveChessVersion "1.4.8"]

1. Nf3 {[%clk 1:30:52]} Nc6 {[%clk 1:30:23]} 2. d4 {[%clk 1:30:28]} d5
{[%clk 1:30:48]} 3. g3 {[%clk 1:27:52]} Bg4 {[%clk 1:31:13]} 4. Nbd2
{[%clk 1:26:38]} Nf6 {[%clk 1:30:58]} 5. Bg2 {[%clk 1:26:08]} Ne4
{[%clk 1:28:20]} 6. c3 {[%clk 1:24:26]} Qd7 {[%clk 1:27:57]} 7. Nxe4
{[%clk 1:21:46]} dxe4 {[%clk 1:28:23]} 8. Ng5 {[%clk 1:21:55]} f5
{[%clk 1:26:38]} 9. Qb3 {[%clk 1:20:21]} e5 {[%clk 1:23:31]} 10. h3
{[%clk 1:16:04]} Bxe2 {[%clk 1:19:34]} 11. Kxe2 {[%clk 1:10:07]} exd4
{[%clk 1:19:54]} 12. Qe6+ {[%clk 1:08:09]} Qxe6 {[%clk 1:20:11]} 13. Nxe6
{[%clk 1:08:33]} d3+ {[%clk 1:20:19]} 14. Kd1 {[%clk 1:06:52]} Kd7
{[%clk 1:11:26]} 15. Nxf8+ {[%clk 1:04:35]} Rhxf8 {[%clk 1:11:50]} 16. f3
{[%clk 1:03:04]} Rae8 {[%clk 1:11:58]} 17. Re1 {[%clk 0:54:51]} exf3
{[%clk 1:05:57]} 18. Bxf3 {[%clk 0:53:25]} Rxe1+ {[%clk 1:03:03]} 19. Kxe1
{[%clk 0:53:50]} Re8+ {[%clk 1:02:28]} 20. Kf2 {[%clk 0:51:43]} Ne5
{[%clk 1:02:11]} 21. Bf4 {[%clk 0:49:20]} Nxf3 {[%clk 0:57:43]} 22. Kxf3
{[%clk 0:49:36]} Re2 {[%clk 0:57:54]} 23. b3 {[%clk 0:43:05]} c5 {[%clk 0:50:49]}
24. c4 {[%clk 0:41:26]} Kc6 {[%clk 0:50:42]} 25. Rd1 {[%clk 0:39:35]} b5
{[%clk 0:46:19]} 26. Rxd3 {[%clk 0:39:11]} Kd5 27. Ke4+ 1-0

[Event "Storsjodraget 2018"]
[Site "?"]
[Date "2018.06.19"]
[Round "6.2"]
[White "Sundell, Bo"]
[Black "Modell, Brage"]
[Result "1-0"]
[BlackElo "1494"]
[WhiteElo "2142"]
[LiveChessVersion "1.4.8"]

1. e4 {[%clk 1:30:57]} e6 {[%clk 1:30:56]} 2. d3 {[%clk 1:31:15]} d5
{[%clk 1:30:56]} 3. Nd2 {[%clk 1:31:39]} Nf6 {[%clk 1:30:43]} 4. Ngf3
{[%clk 1:32:03]} c5 {[%clk 1:28:52]} 5. g3 {[%clk 1:32:21]} b6 {[%clk 1:28:53]}
6. Bg2 {[%clk 1:31:51]} Bb7 {[%clk 1:29:10]} 7. e5 {[%clk 1:31:28]} Nfd7
{[%clk 1:29:08]} 8. O-O {[%clk 1:30:47]} Nc6 {[%clk 1:29:10]} 9. Re1
{[%clk 1:30:56]} Qc7 {[%clk 1:29:23]} 10. Qe2 {[%clk 1:30:34]} g6
{[%clk 1:29:04]} 11. Nf1 {[%clk 1:28:37]} Bg7 {[%clk 1:26:49]} 12. Bf4
{[%clk 1:28:25]} O-O-O {[%clk 1:26:06]} 13. c3 {[%clk 1:27:38]} h6
{[%clk 1:25:41]} 14. d4 {[%clk 1:27:31]} g5 {[%clk 1:24:35]} 15. Be3
{[%clk 1:26:56]} f6 {[%clk 1:20:29]} 16. exf6 {[%clk 1:22:08]} Bxf6 17. b4
{[%clk 1:13:49]} cxb4 {[%clk 1:11:41]} 18. cxb4 {[%clk 1:13:38]} Nxb4
{[%clk 1:11:46]} 19. Bd2 {[%clk 1:11:09]} Ba6 {[%clk 1:09:34]} 20. Qxe6
{[%clk 1:10:21]} Nd3 {[%clk 1:09:37]} 21. Red1 {[%clk 1:05:15]} Bc4
{[%clk 1:07:37]} 22. Bc3 {[%clk 1:00:32]} Rhf8 {[%clk 0:51:51]} 23. Ne3
{[%clk 0:55:21]} Rde8 {[%clk 0:50:09]} 24. Qg4 {[%clk 0:54:52]} Qc6
{[%clk 0:36:35]} 25. Bf1 {[%clk 0:50:04]} Qb5 {[%clk 0:33:41]} 26. Rab1
{[%clk 0:49:28]} Qa6 {[%clk 0:34:02]} 27. Nxd5 {[%clk 0:48:20]} Bxd5
{[%clk 0:34:13]} 28. Rxd3 {[%clk 0:31:18]} Qb7 {[%clk 0:29:09]} 29. Bb4
{[%clk 0:26:17]} h5 {[%clk 0:26:18]} 30. Qxh5 {[%clk 0:25:52]} Rh8
{[%clk 0:26:37]} 31. Qg4 {[%clk 0:25:55]} Be6 {[%clk 0:26:49]} 32. Rc3+
{[%clk 0:21:17]} Nc5 {[%clk 0:21:57]} 33. Ba6 {[%clk 0:18:27]} Qxa6
{[%clk 0:18:01]} 34. Qe4 {[%clk 0:18:49]} Kb8 {[%clk 0:16:27]} 35. Bxc5
{[%clk 0:18:26]} Bxa2 {[%clk 0:16:17]} 36. Bd6# {[%clk 0:18:41]} Be5 37. Nxe5#
1-0

[Event "Storsjodraget 2018"]
[Site "?"]
[Date "2018.06.19"]
[Round "6.3"]
[White "Unander, Matts"]
[Black "Oye-Stromberg, Alexander"]
[Result "0-1"]
[BlackElo "1649"]
[WhiteElo "2017"]
[LiveChessVersion "1.4.8"]

1. d4 {[%clk 1:30:47]} Nf6 {[%clk 1:30:53]} 2. Nf3 {[%clk 1:30:57]} g6
{[%clk 1:30:48]} 3. Nc3 {[%clk 1:31:07]} Bg7 {[%clk 1:31:10]} 4. e4
{[%clk 1:31:23]} d6 {[%clk 1:31:30]} 5. Be2 {[%clk 1:30:58]} O-O {[%clk 1:31:44]}
6. h3 {[%clk 1:30:40]} a6 {[%clk 1:31:03]} 7. a4 {[%clk 1:30:19]} b6
{[%clk 1:29:12]} 8. Be3 {[%clk 1:30:19]} Bb7 {[%clk 1:29:14]} 9. Nd2
{[%clk 1:30:27]} c5 {[%clk 1:29:22]} 10. d5 {[%clk 1:29:55]} e6 {[%clk 1:26:05]}
11. Bf3 {[%clk 1:29:45]} exd5 {[%clk 1:26:04]} 12. exd5 {[%clk 1:27:00]} Nbd7
{[%clk 1:25:26]} 13. Nc4 {[%clk 1:13:46]} Ne5 {[%clk 1:25:25]} 14. Qe2
{[%clk 1:09:12]} Nxf3+ {[%clk 1:22:37]} 15. Qxf3 {[%clk 1:09:15]} b5
{[%clk 1:20:39]} 16. axb5 {[%clk 0:58:40]} axb5 {[%clk 1:20:33]} 17. Rxa8
{[%clk 0:58:19]} Bxa8 {[%clk 1:20:33]} 18. Nxb5 {[%clk 0:58:28]} Bxd5
{[%clk 1:16:08]} 19. Qe2 {[%clk 0:58:35]} Bxc4 {[%clk 1:15:10]} 20. Qxc4
{[%clk 0:58:38]} Qa5+ {[%clk 1:15:11]} 21. Nc3 {[%clk 0:58:29]} Rb8
{[%clk 1:14:04]} 22. Bc1 {[%clk 0:47:17]} Re8+ {[%clk 1:07:02]} 23. Kd1
{[%clk 0:45:16]} d5 {[%clk 1:02:47]} 24. Qa4 {[%clk 0:44:11]} Qc7
{[%clk 0:57:55]} 25. Re1 {[%clk 0:40:32]} Rxe1+ {[%clk 0:53:11]} 26. Kxe1
{[%clk 0:40:28]} Qe5+ {[%clk 0:53:17]} 27. Kf1 {[%clk 0:39:09]} h5
{[%clk 0:53:08]} 28. Qf4 {[%clk 0:37:53]} Qe6 {[%clk 0:52:31]} 29. Qb8+
{[%clk 0:32:01]} Kh7 {[%clk 0:52:53]} 30. Qc7 {[%clk 0:32:20]} d4
{[%clk 0:51:24]} 31. Nd1 {[%clk 0:25:55]} Qc4+ {[%clk 0:51:36]} 32. Ke1
{[%clk 0:26:18]} Qxc2 {[%clk 0:51:34]} 33. Qf4 {[%clk 0:24:41]} Nd5
{[%clk 0:50:00]} 34. Qxf7 {[%clk 0:23:45]} Nb4 {[%clk 0:50:06]} 35. Bd2
{[%clk 0:23:58]} Nd3+ {[%clk 0:47:50]} 36. Ke2 {[%clk 0:24:21]} c4
{[%clk 0:47:25]} 37. f4 {[%clk 0:23:01]} Nc1+ {[%clk 0:47:05]} 38. Ke1
{[%clk 0:21:14]} Qe4+ {[%clk 0:47:33]} 0-1

[Event "Storsjodraget 2018"]
[Site "?"]
[Date "2018.06.19"]
[Round "6.4"]
[White "Soderstrom, Adrian"]
[Black "Dahl, Torbjorn"]
[Result "1-0"]
[BlackElo "1947"]
[WhiteElo "1983"]
[LiveChessVersion "1.4.8"]

1. d4 {[%clk 1:30:57]} Nf6 {[%clk 1:30:38]} 2. Bf4 {[%clk 1:30:36]} g6
{[%clk 1:30:50]} 3. Nc3 {[%clk 1:31:01]} d6 {[%clk 1:30:47]} 4. Qd2
{[%clk 1:29:11]} Bg7 {[%clk 1:26:00]} 5. O-O-O {[%clk 1:29:14]} c6
{[%clk 1:20:28]} 6. e4 {[%clk 1:21:25]} b5 {[%clk 1:19:31]} 7. f3
{[%clk 1:21:13]} b4 {[%clk 1:15:30]} 8. Nce2 {[%clk 1:14:35]} a5 {[%clk 1:15:48]}
9. Kb1 {[%clk 1:13:01]} Nbd7 {[%clk 1:08:09]} 10. Nc1 {[%clk 1:11:46]} Nb6
{[%clk 1:05:04]} 11. Bd3 {[%clk 1:08:36]} Ba6 {[%clk 1:04:37]} 12. Bxa6 Rxa6
{[%clk 1:05:02]} 13. Nh3 {[%clk 1:05:17]} Qb8 {[%clk 1:01:44]} 14. Qe2
{[%clk 1:04:08]} Ra8 {[%clk 1:00:37]} 15. e5 {[%clk 1:02:55]} dxe5
{[%clk 0:50:28]} 16. Bxe5 {[%clk 1:02:11]} Qb7 {[%clk 0:49:25]} 17. Nf4
{[%clk 0:54:30]} O-O {[%clk 0:46:23]} 18. h4 {[%clk 0:52:41]} Na4
{[%clk 0:44:17]} 19. Ncd3 {[%clk 0:47:16]} Nd5 {[%clk 0:37:20]} 20. Nxd5
{[%clk 0:45:42]} cxd5 {[%clk 0:32:38]} 21. Bxg7 {[%clk 0:42:54]} Kxg7 22. h5
{[%clk 0:40:14]} Rae8 {[%clk 0:28:46]} 23. Qe3 {[%clk 0:35:46]} Rh8
{[%clk 0:22:23]} 24. Rde1 {[%clk 0:31:21]} Qb8 {[%clk 0:19:00]} 25. Ne5
{[%clk 0:25:38]} Qd6 {[%clk 0:16:16]} 26. Ng4 {[%clk 0:21:44]} h6
{[%clk 0:13:53]} 27. hxg6 {[%clk 0:20:30]} Qxg6 {[%clk 0:08:44]} 28. Ne5
{[%clk 0:19:46]} Qg5 {[%clk 0:06:39]} 29. f4 {[%clk 0:19:26]} Qf6
{[%clk 0:06:17]} 30. Qg3+ {[%clk 0:16:59]} Kh7 {[%clk 0:06:40]} 31. Ng4
{[%clk 0:16:29]} Qg7 {[%clk 0:05:50]} 32. Rxh6+ {[%clk 0:15:27]} Kg8
{[%clk 0:06:09]} 33. Nf6+ {[%clk 0:15:28]} Kf8 {[%clk 0:06:13]} 34. Rxh8+
{[%clk 0:15:51]} Qxh8 {[%clk 0:06:34]} 35. Nd7# {[%clk 0:16:14]} 1-0

[Event "Storsjodraget 2018"]
[Site "?"]
[Date "2018.06.19"]
[Round "6.5"]
[White "Langvik, Ulrikke"]
[Black "Sundin, Emanuel"]
[Result "0-1"]
[BlackElo "2167"]
[WhiteElo "1587"]
[LiveChessVersion "1.4.8"]

1. d4 {[%clk 1:30:59]} Nf6 {[%clk 1:30:28]} 2. c4 {[%clk 1:31:19]} g6
{[%clk 1:30:49]} 3. Nc3 {[%clk 1:31:32]} Bg7 {[%clk 1:31:03]} 4. e4
{[%clk 1:31:31]} d6 {[%clk 1:31:18]} 5. f3 {[%clk 1:30:43]} O-O {[%clk 1:30:55]}
6. Nge2 {[%clk 1:29:26]} c5 {[%clk 1:30:55]} 7. Be3 {[%clk 1:29:19]} Nc6
{[%clk 1:30:39]} 8. dxc5 {[%clk 1:27:28]} dxc5 {[%clk 1:28:45]} 9. Bxc5
{[%clk 1:27:32]} Qa5 {[%clk 1:26:56]} 10. Be3 {[%clk 1:27:02]} Rd8
{[%clk 1:24:12]} 11. Qb3 {[%clk 1:26:13]} Nh5 {[%clk 1:06:35]} 12. Bd2
{[%clk 1:22:27]} Qc5 {[%clk 1:02:53]} 13. g4 {[%clk 1:19:43]} Ne5
{[%clk 0:56:20]} 14. Bg2 {[%clk 1:09:22]} Nd3+ {[%clk 0:52:49]} 15. Kd1
{[%clk 1:02:45]} Nf2+ {[%clk 0:53:06]} 16. Kc2 {[%clk 1:02:52]} Nxh1
{[%clk 0:53:07]} 17. Rxh1 {[%clk 1:02:22]} Nf6 {[%clk 0:53:26]} 18. h4
{[%clk 1:02:10]} Be6 {[%clk 0:49:01]} 19. Qb5 {[%clk 0:56:58]} Qf2
{[%clk 0:42:25]} 20. Rg1 {[%clk 0:55:59]} Rac8 {[%clk 0:41:55]} 21. b3
{[%clk 0:55:50]} Nxg4 {[%clk 0:38:06]} 22. Bf1 {[%clk 0:52:00]} Ne3+
{[%clk 0:36:15]} 23. Bxe3 {[%clk 0:51:47]} Qxe3 {[%clk 0:36:37]} 24. Rg2
{[%clk 0:51:40]} Rd2+ {[%clk 0:36:12]} 25. Kb1 {[%clk 0:51:57]} Qd3+
{[%clk 0:36:26]} 26. Ka1 {[%clk 0:52:12]} Bxc3+ {[%clk 0:36:47]} 27. Nxc3
{[%clk 0:52:35]} Qxc3+ {[%clk 0:37:08]} 28. Kb1 {[%clk 0:52:52]} Qb2#
{[%clk 0:37:31]} 0-1

[Event "Storsjodraget 2018"]
[Site "?"]
[Date "2018.06.19"]
[Round "6.6"]
[White "Bohman Karlholm, Adrian"]
[Black "Nylen, Anders"]
[Result "1/2-1/2"]
[BlackElo "1752"]
[WhiteElo "2029"]
[LiveChessVersion "1.4.8"]

1. d4 {[%clk 1:30:57]} d5 {[%clk 1:30:53]} 2. c4 {[%clk 1:30:50]} c6
{[%clk 1:31:13]} 3. Nf3 {[%clk 1:30:55]} Nf6 {[%clk 1:31:00]} 4. Nc3
{[%clk 1:30:51]} e6 {[%clk 1:31:17]} 5. e3 {[%clk 1:30:17]} Bd6 {[%clk 1:31:28]}
6. Bd3 {[%clk 1:29:27]} Nbd7 {[%clk 1:31:24]} 7. e4 {[%clk 1:26:20]} dxe4
{[%clk 1:31:30]} 8. Nxe4 {[%clk 1:26:37]} Nxe4 {[%clk 1:31:41]} 9. Bxe4
{[%clk 1:26:59]} Nf6 {[%clk 1:31:51]} 10. Bc2 {[%clk 1:26:25]} Qa5+
{[%clk 1:29:22]} 11. Nd2 {[%clk 1:19:49]} O-O {[%clk 1:26:49]} 12. c5
{[%clk 1:12:11]} Bb8 {[%clk 1:25:24]} 13. O-O {[%clk 1:11:56]} e5
{[%clk 1:25:11]} 14. Nc4 {[%clk 1:09:05]} Qc7 {[%clk 1:20:46]} 15. Nxe5
{[%clk 1:04:29]} Be6 {[%clk 1:19:53]} 16. Qd3 {[%clk 1:01:47]} g6
{[%clk 1:19:01]} 17. Qf3 {[%clk 0:52:06]} Nd5 {[%clk 1:16:30]} 18. Bh6
{[%clk 0:50:05]} Re8 {[%clk 1:16:02]} 19. Bb3 {[%clk 0:47:03]} Qe7
{[%clk 1:13:06]} 20. Rfe1 {[%clk 0:36:29]} Qh4 {[%clk 1:11:33]} 21. Ng4
{[%clk 0:22:45]} Bxh2+ {[%clk 1:09:50]} 22. Nxh2 {[%clk 0:21:58]} Qxh6
{[%clk 1:09:49]} 23. Re4 {[%clk 0:18:57]} Nc7 {[%clk 1:02:12]} 24. Rae1
{[%clk 0:18:12]} Qf8 {[%clk 0:47:48]} 25. Ng4 {[%clk 0:14:53]} Bxg4
{[%clk 0:47:39]} 26. Qxg4 {[%clk 0:13:17]} Rxe4 {[%clk 0:43:04]} 27. Rxe4
{[%clk 0:13:11]} Rd8 {[%clk 0:43:15]} 28. Qg5 {[%clk 0:11:30]} Nd5
{[%clk 0:42:53]} 29. g3 {[%clk 0:07:16]} Rd7 {[%clk 0:38:51]} 30. Bxd5
{[%clk 0:06:23]} Rxd5 {[%clk 0:38:55]} 31. Qf6 {[%clk 0:05:53]} Rd7
{[%clk 0:36:52]} 32. b4 {[%clk 0:05:15]} a6 {[%clk 0:36:45]} 33. a4
{[%clk 0:05:11]} Qd8 {[%clk 0:34:39]} 34. Qxd8+ {[%clk 0:05:08]} Rxd8
{[%clk 0:35:01]} 35. Re7 {[%clk 0:05:27]} Rxd4 {[%clk 0:33:35]} 36. Rxb7
{[%clk 0:05:48]} a5 {[%clk 0:33:47]} 37. b5 {[%clk 0:04:16]} Rc4 {[%clk 0:32:03]}
38. b6 {[%clk 0:02:41]} Rxc5 {[%clk 0:31:01]} 39. Rc7 {[%clk 0:02:48]} Rc1+
{[%clk 0:30:30]} 40. Kg2 {[%clk 0:03:10]} Kg7 {[%clk 0:30:50]} 41. Kf3
{[%clk 0:03:08]} h5 {[%clk 0:30:36]} 42. Ke3 {[%clk 0:02:58]} g5 {[%clk 0:29:31]}
43. b7 {[%clk 0:02:45]} Rb1 {[%clk 0:29:36]} 44. Ke4 {[%clk 0:02:22]} h4
{[%clk 0:27:27]} 45. gxh4 {[%clk 0:02:16]} gxh4 {[%clk 0:27:50]} 46. Kf3
{[%clk 0:02:22]} Rb4 {[%clk 0:27:45]} 47. Kg2 {[%clk 0:02:27]} c5
{[%clk 0:27:03]} 48. Kh3 {[%clk 0:01:41]} c4 {[%clk 0:26:43]} 49. Kxh4
{[%clk 0:02:03]} c3+ {[%clk 0:27:03]} 50. Kg5 {[%clk 0:02:09]} c2
{[%clk 0:27:16]} 51. Rxc2 {[%clk 0:02:11]} Rxb7 {[%clk 0:27:36]} 52. Rc5
{[%clk 0:02:18]} Ra7 {[%clk 0:27:34]} 53. Kf5 {[%clk 0:02:13]} Ra6
{[%clk 0:27:24]} 54. Ke4 {[%clk 0:01:51]} Re6+ {[%clk 0:23:41]} 55. Re5
{[%clk 0:01:40]} Kf6 {[%clk 0:22:05]} 56. Rxe6+ {[%clk 0:00:41]} Kxe6
{[%clk 0:22:25]} 57. Kd4 {[%clk 0:00:46]} Kd6 {[%clk 0:22:27]} 58. Ke4 Ke5+
1/2-1/2

[Event "Storsjodraget 2018"]
[Site "?"]
[Date "2018.06.19"]
[Round "6.7"]
[White "Rygg, Andreas Gangstad"]
[Black "Monsoy, Arild Edin"]
[Result "1/2-1/2"]
[BlackElo "1868"]
[WhiteElo "1769"]
[LiveChessVersion "1.4.8"]

1. e4 {[%clk 1:30:58]} d6 {[%clk 1:30:32]} 2. d4 {[%clk 1:31:22]} Nf6
{[%clk 1:30:48]} 3. Bd3 {[%clk 1:31:09]} c6 {[%clk 1:29:36]} 4. Nf3
{[%clk 1:30:04]} Bg4 {[%clk 1:29:40]} 5. h3 {[%clk 1:28:16]} Bxf3
{[%clk 1:25:28]} 6. Qxf3 {[%clk 1:28:39]} e5 {[%clk 1:25:51]} 7. c3
{[%clk 1:24:12]} Qb6 {[%clk 1:22:56]} 8. Qe3 {[%clk 1:20:51]} Nbd7
{[%clk 1:19:21]} 9. dxe5 {[%clk 1:11:44]} dxe5 {[%clk 1:17:01]} 10. Qxb6
{[%clk 1:09:14]} axb6 {[%clk 1:17:01]} 11. Bc2 {[%clk 1:01:43]} Nc5
{[%clk 1:15:23]} 12. f3 {[%clk 0:58:27]} Be7 {[%clk 1:02:26]} 13. Nd2
{[%clk 0:55:35]} b5 {[%clk 1:01:52]} 14. Nb3 {[%clk 0:47:38]} Ne6
{[%clk 0:54:20]} 15. Ke2 {[%clk 0:36:57]} Nd7 {[%clk 0:43:14]} 16. Be3
{[%clk 0:33:33]} O-O {[%clk 0:29:34]} 17. Rhd1 {[%clk 0:32:24]} Nf6
{[%clk 0:29:07]} 18. Nc1 {[%clk 0:31:08]} Rfd8 {[%clk 0:26:19]} 19. Rxd8+
{[%clk 0:27:42]} Rxd8 {[%clk 0:21:56]} 20. Nd3 {[%clk 0:26:53]} Bd6
{[%clk 0:14:11]} 21. Rd1 {[%clk 0:25:14]} Bc7 {[%clk 0:11:32]} 22. a4
{[%clk 0:20:35]} bxa4 {[%clk 0:11:08]} 23. Bxa4 {[%clk 0:21:00]} Nh5
{[%clk 0:10:34]} 24. Bb3 {[%clk 0:20:11]} Nef4+ {[%clk 0:10:17]} 25. Nxf4
{[%clk 0:20:35]} Rxd1 {[%clk 0:09:58]} 26. Bxd1 {[%clk 0:20:47]} exf4
{[%clk 0:09:13]} 27. Bc5 {[%clk 0:19:14]} b6 {[%clk 0:09:05]} 28. Be7
{[%clk 0:18:28]} Ng3+ {[%clk 0:06:00]} 29. Ke1 {[%clk 0:16:49]} b5
{[%clk 0:04:27]} 30. Bh4 {[%clk 0:15:30]} Nh5 {[%clk 0:04:35]} 31. Bf2
{[%clk 0:15:15]} Bd6 {[%clk 0:04:33]} 32. Kd2 {[%clk 0:14:56]} Kf8
{[%clk 0:04:45]} 33. b4 {[%clk 0:12:57]} Nf6 {[%clk 0:04:36]} 34. Bd4
{[%clk 0:11:28]} Nd7 {[%clk 0:04:48]} 35. Be2 {[%clk 0:10:23]} f6
{[%clk 0:05:05]} 36. Kc2 {[%clk 0:08:48]} g5 {[%clk 0:03:58]} 37. Kb3
{[%clk 0:07:52]} Ke7 {[%clk 0:03:30]} 38. c4 {[%clk 0:07:36]} bxc4+
{[%clk 0:03:29]} 39. Bxc4 {[%clk 0:08:01]} c5 {[%clk 0:03:35]} 40. bxc5
{[%clk 0:06:32]} Bxc5 {[%clk 0:03:59]} 41. Bb2 {[%clk 0:04:38]} Bd6
{[%clk 0:04:04]} 42. Bb5 {[%clk 0:04:37]} Nf8 {[%clk 0:03:44]} 43. Bc4
{[%clk 0:04:44]} Ng6 {[%clk 0:03:53]} 44. Bd4 {[%clk 0:04:11]} Nh4
{[%clk 0:03:26]} 45. Bf1 {[%clk 0:04:35]} Be5 {[%clk 0:03:20]} 46. Bf2
{[%clk 0:04:47]} Ng6 {[%clk 0:03:23]} 47. Kc4 {[%clk 0:04:58]} Ba1
{[%clk 0:03:32]} 48. Kd3 {[%clk 0:04:35]} Ne5+ {[%clk 0:03:40]} 49. Kc2
{[%clk 0:04:52]} Kd6 {[%clk 0:03:04]} 50. Kb1 {[%clk 0:04:55]} Bc3
{[%clk 0:03:28]} 51. Kc2 {[%clk 0:05:20]} Ba5 {[%clk 0:03:48]} 52. Bd4
{[%clk 0:05:39]} Bd8 {[%clk 0:03:28]} 53. Bxe5+ {[%clk 0:05:54]} fxe5
{[%clk 0:03:40]} 54. Bc4 {[%clk 0:06:03]} Ke7 {[%clk 0:03:06]} 55. Bg8
{[%clk 0:06:24]} h5 {[%clk 0:03:11]} 56. Bh7 {[%clk 0:06:40]} 1/2-1/2

[Event "Storsjodraget 2018"]
[Site "?"]
[Date "2018.06.19"]
[Round "6.8"]
[White "Mozelius, Peter"]
[Black "Sian, Shadi"]
[Result "0-1"]
[BlackElo "1724"]
[WhiteElo "1845"]
[LiveChessVersion "1.4.8"]

1. d4 {[%clk 1:30:58]} e6 {[%clk 1:30:28]} 2. Bf4 {[%clk 1:30:56]} b6
{[%clk 1:30:46]} 3. e3 {[%clk 1:30:32]} Bb7 {[%clk 1:31:08]} 4. Nf3
{[%clk 1:30:30]} f5 {[%clk 1:30:29]} 5. Be2 {[%clk 1:26:59]} Nf6 {[%clk 1:28:55]}
6. Nc3 {[%clk 1:25:51]} Bb4 {[%clk 1:29:20]} 7. h4 {[%clk 1:23:35]} Ne4
{[%clk 1:29:31]} 8. Kf1 {[%clk 1:22:18]} Bxc3 {[%clk 1:28:30]} 9. bxc3
{[%clk 1:22:39]} Nxc3 {[%clk 1:28:55]} 10. Qd2 {[%clk 1:21:57]} Nxe2
{[%clk 1:29:03]} 11. Qxe2 {[%clk 1:15:23]} Ba6 {[%clk 1:28:20]} 12. c4
{[%clk 1:15:48]} d5 {[%clk 1:28:11]} 13. Ne5 {[%clk 1:13:22]} O-O
{[%clk 1:28:01]} 14. Qf3 {[%clk 1:12:24]} Nd7 {[%clk 1:27:30]} 15. Nc6
{[%clk 0:58:37]} Bxc4+ {[%clk 1:24:57]} 16. Kg1 {[%clk 0:58:58]} Qe8
{[%clk 1:25:19]} 17. Bg5 {[%clk 0:58:36]} Rf7 {[%clk 1:24:08]} 18. h5
{[%clk 0:58:40]} Bb5 {[%clk 1:24:02]} 19. Ne5 {[%clk 0:56:33]} Nxe5
{[%clk 1:23:51]} 20. dxe5 {[%clk 0:56:57]} Qc6 {[%clk 1:23:05]} 21. Qg3
{[%clk 0:56:09]} Kh8 {[%clk 1:22:23]} 22. h6 {[%clk 0:54:49]} g6 {[%clk 1:22:42]}
23. Bf6+ {[%clk 0:52:00]} Kg8 {[%clk 1:21:50]} 24. Kh2 {[%clk 0:43:44]} Qd7
{[%clk 1:21:10]} 25. Rad1 {[%clk 0:39:48]} Ba4 {[%clk 1:21:14]} 26. Rd2
{[%clk 0:39:31]} c5 {[%clk 1:21:24]} 27. f3 {[%clk 0:39:36]} Qc7 {[%clk 1:21:20]}
28. Qh4 {[%clk 0:39:07]} Bc6 {[%clk 1:21:16]} 29. Rc1 {[%clk 0:37:14]} c4
{[%clk 1:20:51]} 30. Kg1 {[%clk 0:36:35]} b5 {[%clk 1:21:07]} 31. g4
{[%clk 0:36:08]} Qb6 {[%clk 1:19:19]} 32. Qg5 {[%clk 0:28:32]} Bb7
{[%clk 1:17:53]} 33. gxf5 {[%clk 0:25:39]} exf5 {[%clk 1:18:06]} 34. Kf1
{[%clk 0:19:04]} b4 {[%clk 1:14:36]} 35. e4 {[%clk 0:17:08]} fxe4
{[%clk 1:14:03]} 36. fxe4 {[%clk 0:16:26]} c3 {[%clk 1:13:40]} 37. Rxd5
{[%clk 0:07:06]} Bxd5 {[%clk 1:13:41]} 38. exd5 {[%clk 0:07:31]} Qb5+
{[%clk 1:14:03]} 39. Kg1 {[%clk 0:07:33]} Qxd5 {[%clk 1:14:01]} 40. Qg4
{[%clk 0:07:15]} Qc5+ {[%clk 1:13:59]} 41. Kg2 {[%clk 0:06:43]} Rb8
{[%clk 1:10:00]} 42. Qg3 {[%clk 0:06:06]} Qd5+ {[%clk 1:09:23]} 43. Kg1
{[%clk 0:05:25]} Rc8 {[%clk 1:08:21]} 44. Qg4 {[%clk 0:05:04]} Rc4
{[%clk 1:08:36]} 45. Qe2 {[%clk 0:04:52]} Re4 {[%clk 1:08:16]} 46. Rd1
{[%clk 0:02:42]} Rd4 {[%clk 1:07:51]} 47. Rf1 {[%clk 0:02:50]} Rd2
{[%clk 1:08:09]} 48. Qf3 {[%clk 0:03:05]} Qxf3 {[%clk 1:08:20]} 49. Rxf3
{[%clk 0:03:31]} c2 {[%clk 1:08:39]} 50. e6 {[%clk 0:03:40]} c1=Q+
{[%clk 1:08:56]} 0-1

[Event "Storsjodraget 2018"]
[Site "?"]
[Date "2018.06.19"]
[Round "6.9"]
[White "Stromhaug, Kristoffer Wang"]
[Black "Wik, Bo"]
[Result "0-1"]
[BlackElo "1798"]
[WhiteElo "1437"]
[LiveChessVersion "1.4.8"]

1. e4 {[%clk 1:30:56]} e5 {[%clk 1:29:42]} 2. Nf3 {[%clk 1:31:11]} Nc6
{[%clk 1:29:57]} 3. d4 {[%clk 1:31:21]} exd4 {[%clk 1:30:17]} 4. Nxd4
{[%clk 1:31:36]} Bc5 {[%clk 1:28:48]} 5. Nxc6 bxc6 {[%clk 1:29:03]} 6. Bc4
{[%clk 1:30:29]} d6 {[%clk 1:23:11]} 7. Nc3 {[%clk 1:23:49]} Nf6 {[%clk 1:20:33]}
8. O-O {[%clk 1:21:47]} O-O {[%clk 1:20:30]} 9. h3 {[%clk 1:19:45]} Be6
{[%clk 1:18:27]} 10. Qe2 {[%clk 1:13:27]} h6 {[%clk 1:10:54]} 11. Bxe6
{[%clk 1:05:13]} fxe6 {[%clk 1:10:40]} 12. e5 {[%clk 0:58:16]} dxe5
{[%clk 1:04:41]} 13. Qxe5 {[%clk 0:58:06]} Qe7 {[%clk 1:01:02]} 14. Be3
{[%clk 0:51:01]} Bd6 {[%clk 0:58:20]} 15. Qa5 {[%clk 0:47:24]} Nd5
{[%clk 0:53:57]} 16. Ne4 {[%clk 0:30:08]} Nxe3 {[%clk 0:51:20]} 17. fxe3
{[%clk 0:29:35]} Rfb8 {[%clk 0:49:12]} 18. Nxd6 {[%clk 0:29:01]} cxd6
{[%clk 0:48:30]} 19. b3 {[%clk 0:27:40]} Rb5 {[%clk 0:45:58]} 20. Qa3
{[%clk 0:23:22]} Rc5 {[%clk 0:42:54]} 21. Rad1 {[%clk 0:21:05]} Rxc2
{[%clk 0:40:49]} 22. Qxd6 {[%clk 0:21:14]} Qe8 {[%clk 0:35:09]} 23. Rd2
{[%clk 0:16:18]} Rxd2 {[%clk 0:34:59]} 24. Qxd2 {[%clk 0:16:38]} Rd8
{[%clk 0:34:38]} 25. Qc3 {[%clk 0:15:59]} Rd6 {[%clk 0:31:14]} 26. e4
{[%clk 0:13:29]} Qd7 {[%clk 0:29:36]} 27. Qf3 {[%clk 0:10:20]} Rd2
{[%clk 0:28:30]} 28. e5 {[%clk 0:09:45]} Qd4+ {[%clk 0:27:43]} 29. Kh1
{[%clk 0:09:36]} Qxe5 {[%clk 0:26:27]} 30. Qxc6 {[%clk 0:08:07]} Rxa2
{[%clk 0:26:10]} 31. Qc8+ {[%clk 0:05:16]} Kh7 {[%clk 0:26:28]} 32. Qc4
{[%clk 0:05:35]} Qd5 {[%clk 0:25:59]} 33. Qxd5 {[%clk 0:04:53]} exd5
{[%clk 0:26:21]} 34. Rd1 {[%clk 0:04:55]} Ra5 {[%clk 0:26:37]} 35. Kg1
{[%clk 0:04:24]} Kg6 {[%clk 0:26:23]} 36. Kf2 {[%clk 0:04:33]} Kf6
{[%clk 0:26:11]} 37. Ke3 {[%clk 0:04:30]} Ke5 {[%clk 0:26:02]} 38. g4
{[%clk 0:04:39]} Ra3 {[%clk 0:26:13]} 39. Rd3 {[%clk 0:03:55]} a5
{[%clk 0:26:32]} 40. h4 {[%clk 0:03:23]} a4 {[%clk 0:26:02]} 41. bxa4
{[%clk 0:03:42]} Rxa4 {[%clk 0:26:24]} 42. Kf3 {[%clk 0:04:07]} Rf4+
{[%clk 0:25:15]} 43. Kg3 {[%clk 0:04:14]} Ke4 {[%clk 0:24:30]} 44. Ra3
{[%clk 0:04:24]} d4 {[%clk 0:24:21]} 45. Ra7 {[%clk 0:04:35]} g5 {[%clk 0:23:55]}
46. Re7+ {[%clk 0:03:08]} Kd3 {[%clk 0:24:05]} 47. h5 {[%clk 0:02:20]} Rf6
{[%clk 0:24:02]} 48. Kg2 {[%clk 0:02:13]} Kd2 {[%clk 0:23:54]} 49. Rd7
{[%clk 0:02:09]} d3 {[%clk 0:24:15]} 50. Kg3 {[%clk 0:02:10]} Ke2
{[%clk 0:24:01]} 51. Re7+ {[%clk 0:02:25]} Kd1 {[%clk 0:24:18]} 52. Rd7
{[%clk 0:02:43]} d2 {[%clk 0:24:41]} 53. Kg2 {[%clk 0:02:50]} Rf4
{[%clk 0:24:37]} 54. Kg3 {[%clk 0:03:12]} Ke2 {[%clk 0:24:44]} 55. Re7+
{[%clk 0:03:29]} Kd3 {[%clk 0:25:04]} 0-1